| 000 | 01320nam a2200229Ia 4500 | ||
|---|---|---|---|
| 003 | Ost | ||
| 005 | 20260507074930.0 | ||
| 008 | 260507s9999||||xx |||||||||||||| ||und|| | ||
| 040 | _cfsecg | ||
| 041 | _aara | ||
| 082 | _a330 | ||
| 100 |
_aسمحان، حسين محمد _eمؤلف |
||
| 245 | 0 |
_aأسس العمليات المصرفية الاسلامية / _c حسين محمد سمحان |
|
| 250 | _aطبعة 2 | ||
| 260 |
_aعمان: _bدار المسيرة للنشر, _c2016 |
||
| 300 |
_a408 صفحة؛ _bإيضاحات ؛ _c25 سم |
||
| 504 | _aالملاحق:ص.339-403؛ببليوغرافيا: ص.405-408 | ||
| 520 | _aمقدمة في البنوك التجارية،ماهية البنوك الإسلامية،أسس وضوابط العمل المصرفي الإسلامي،مصادر واستخدامات الأموال في المصارف الإسلامية،الحسابات والودائع المصرفية في البنوك الإسلامية،صناديق الاستثمار وتطبيقاتها في البنوك الإسلامية،الاستثمار والتمويل في البنوك الإسلامية،الخدمات المصرفية في البنوك الإسلامية | ||
| 653 | _aالاقتصاد الاسلامي | ||
| 653 | _aالبنوك الاسلامية | ||
| 942 | _cكتاب | ||
| 999 |
_c41847 _d41847 |
||